[Event "Tournoi International du Pays de Charleroi 2018"]
[Site "Roux, Belgium"]
[Date "2018.08.02"]
[Round "7.10"]
[White "Hoffmeister, Frank"]
[Black "Naumkin, Igor"]
[Result "1-0"]
[BlackTitle "GM"]
[WhiteElo "2170"]
[BlackElo "2379"]

1. d4 {[%clk 01:30:57]} {[%emt 00:00:03]} e6 {[%clk 01:30:43]} {[%emt
00:00:17]} 2. c4 {[%clk 01:31:22]} {[%emt 00:00:05]} f5 {[%clk 01:31:04]}
{[%emt 00:00:09]} 3. g3 {[%clk 01:31:43]} {[%emt 00:00:10]} Nf6 {[%clk
01:31:27]} {[%emt 00:00:07]} 4. Bg2 {[%clk 01:32:06]} {[%emt 00:00:07]} Be7
{[%clk 01:31:49]} {[%emt 00:00:08]} 5. Nf3 {[%clk 01:32:27]} {[%emt 00:00:08]}
O-O {[%clk 01:32:06]} {[%emt 00:00:13]} 6. O-O {[%clk 01:32:55]} {[%emt
00:00:03]} d6 {[%clk 01:32:26]} {[%emt 00:00:09]} 7. Nc3 {[%clk 01:32:16]}
{[%emt 00:01:10]} a5 {[%clk 01:32:43]} {[%emt 00:00:12]} 8. Qd3 {[%clk
01:29:46]} {[%emt 00:03:00]} d5 {[%clk 01:29:17]} {[%emt 00:03:55]} 9. cxd5
{[%clk 01:19:59]} {[%emt 00:10:19]} exd5 {[%clk 01:29:05]} {[%emt 00:00:41]} 10.
Bf4 {[%clk 01:20:22]} {[%emt 00:00:06]} c6 {[%clk 01:28:46]} {[%emt 00:00:50]}
11. Ne5 {[%clk 01:08:35]} {[%emt 00:12:18]} Na6 {[%clk 01:22:25]} {[%emt
00:06:52]} 12. Rac1 {[%clk 01:07:33]} {[%emt 00:01:31]} Nc7 {[%clk 01:20:17]}
{[%emt 00:02:37]} 13. Bd2 {[%clk 01:01:36]} {[%emt 00:06:26]} Ne6 {[%clk
01:15:00]} {[%emt 00:05:48]} 14. e3 {[%clk 00:59:27]} {[%emt 00:02:39]} Ne4
{[%clk 01:07:27]} {[%emt 00:08:04]} 15. Be1 {[%clk 00:58:58]} {[%emt 00:00:58]}
Qe8 {[%clk 01:05:19]} {[%emt 00:02:39]} 16. Na4 {[%clk 00:48:14]} {[%emt
00:11:13]} Bd8 {[%clk 01:02:51]} {[%emt 00:02:57]} 17. f3 {[%clk 00:46:54]}
{[%emt 00:01:51]} Nf6 {[%clk 01:00:37]} {[%emt 00:02:44]} 18. Qb3 {[%clk
00:39:01]} {[%emt 00:08:22]} b5 {[%clk 00:54:28]} {[%emt 00:06:40]} 19. Nc3
{[%clk 00:29:52]} {[%emt 00:09:40]} Ba6 {[%clk 00:52:03]} {[%emt 00:02:53]} 20.
Rf2 {[%clk 00:27:33]} {[%emt 00:02:51]} b4 {[%clk 00:44:59]} {[%emt 00:07:33]}
21. Na4 {[%clk 00:26:48]} {[%emt 00:01:15]} Bb5 {[%clk 00:42:55]} {[%emt
00:02:34]} 22. Rfc2 {[%clk 00:25:55]} {[%emt 00:01:24]} Rc8 {[%clk 00:42:39]}
{[%emt 00:00:46]} 23. Bf2 {[%clk 00:24:59]} {[%emt 00:01:25]} Be7 {[%clk
00:41:51]} {[%emt 00:01:16]} 24. Bf1 {[%clk 00:20:13]} {[%emt 00:05:18]} Bxf1
{[%clk 00:39:23]} {[%emt 00:02:58]} 25. Kxf1 {[%clk 00:20:30]} {[%emt
00:00:13]} Nd8 {[%clk 00:33:29]} {[%emt 00:06:24]} 26. Nc5 {[%clk 00:17:37]}
{[%emt 00:03:24]} Bd6 {[%clk 00:30:39]} {[%emt 00:03:19]} 27. Ncd3 {[%clk
00:18:02]} {[%emt 00:00:05]} g5 {[%clk 00:27:44]} {[%emt 00:03:24]} 28. Qa4
{[%clk 00:11:45]} {[%emt 00:06:49]} g4 {[%clk 00:26:09]} {[%emt 00:02:03]} 29.
f4 {[%clk 00:11:29]} {[%emt 00:00:46]} Bxe5 {[%clk 00:24:46]} {[%emt 00:01:54]}
30. Nxe5 {[%clk 00:11:32]} {[%emt 00:00:28]} Ne4 {[%clk 00:20:20]} {[%emt
00:04:55]} 31. Qxa5 {[%clk 00:10:55]} {[%emt 00:01:07]} c5 {[%clk 00:18:29]}
{[%emt 00:02:20]} 32. dxc5 {[%clk 00:10:20]} {[%emt 00:01:07]} Nc6 {[%clk
00:17:09]} {[%emt 00:01:49]} 33. Nxc6 {[%clk 00:09:38]} {[%emt 00:01:13]} Qxc6
{[%clk 00:16:55]} {[%emt 00:00:43]} 34. Qxb4 {[%clk 00:09:53]} {[%emt
00:00:15]} d4 {[%clk 00:16:33]} {[%emt 00:00:52]} 35. Qc4+ {[%clk 00:07:10]}
{[%emt 00:03:13]} Kg7 {[%clk 00:16:18]} {[%emt 00:00:45]} 36. Kg1 {[%clk
00:06:22]} {[%emt 00:01:18]} d3 {[%clk 00:15:04]} {[%emt 00:01:44]} 37. Qxd3
{[%clk 00:06:26]} {[%emt 00:00:26]} Rfd8 {[%clk 00:14:41]} {[%emt 00:00:52]} 38.
Qe2 {[%clk 00:05:47]} {[%emt 00:01:10]} Qd5 {[%clk 00:13:04]} {[%emt 00:02:06]}
39. Be1 {[%clk 00:05:32]} {[%emt 00:00:45]} Qxa2 {[%clk 00:10:13]} {[%emt
00:03:21]} 40. Qc4 {[%clk 00:04:01]} {[%emt 00:02:02]} Qxc4 {[%clk 00:08:20]}
{[%emt 00:02:23]} 41. Rxc4 {[%clk 00:04:12]} {[%emt 00:00:19]} Rd3 {[%clk
00:06:20]} {[%emt 00:02:30]} 42. b4 {[%clk 00:27:16]} {[%emt 00:07:27]} Rxe3
{[%clk 00:36:16]} {[%emt 00:00:33]} 43. R4c2 {[%clk 00:26:18]} {[%emt
00:01:28]} Kf7 {[%clk 00:34:56]} {[%emt 00:01:49]} 44. Kf1 {[%clk 00:21:06]}
{[%emt 00:05:42]} Rb3 {[%clk 00:32:18]} {[%emt 00:03:08]} 45. Rd1 {[%clk
00:20:35]} {[%emt 00:01:02]} Rc6 {[%clk 00:30:32]} {[%emt 00:02:15]} 46. Ra2
{[%clk 00:17:50]} {[%emt 00:03:16]} Re6 {[%clk 00:27:38]} {[%emt 00:03:22]} 47.
Rc1 {[%clk 00:16:36]} {[%emt 00:01:46]} Rc6 {[%clk 00:26:42]} {[%emt 00:01:26]}
48. Ra7+ {[%clk 00:16:05]} {[%emt 00:01:01]} Ke6 {[%clk 00:24:44]} {[%emt
00:02:27]} 49. Rxh7 {[%clk 00:15:48]} {[%emt 00:00:48]} Kd5 {[%clk 00:23:00]}
{[%emt 00:02:14]} 50. Rh5 {[%clk 00:14:44]} {[%emt 00:01:33]} Kd4 {[%clk
00:19:23]} {[%emt 00:04:08]} 51. Kg1 {[%clk 00:09:24]} {[%emt 00:05:51]} Rb2
{[%clk 00:17:57]} {[%emt 00:01:55]} 52. h3 {[%clk 00:09:09]} {[%emt 00:00:45]}
Rb3 {[%clk 00:12:58]} {[%emt 00:05:29]} 53. hxg4 {[%clk 00:07:34]} {[%emt
00:02:05]} fxg4 {[%clk 00:12:40]} {[%emt 00:00:48]} 54. Kg2 {[%clk 00:06:19]}
{[%emt 00:01:46]} Rb2+ {[%clk 00:12:35]} {[%emt 00:00:34]} 55. Kf1 {[%clk
00:06:42]} {[%emt 00:00:06]} Rb3 {[%clk 00:12:34]} {[%emt 00:00:31]} 56. Bf2+
{[%clk 00:06:26]} {[%emt 00:00:46]} Nxf2 {[%clk 00:12:05]} {[%emt 00:01:00]} 57.
Kxf2 {[%clk 00:06:55]} Rb2+ {[%clk 00:10:57]} {[%emt 00:01:39]} 58. Kg1 {[%clk
00:06:51]} {[%emt 00:00:33]} Rxb4 {[%clk 00:10:58]} {[%emt 00:00:30]} 59. Rg5
{[%clk 00:04:10]} {[%emt 00:03:12]} Rb2 {[%clk 00:08:40]} {[%emt 00:02:48]} 60.
Rxg4 {[%clk 00:02:11]} {[%emt 00:02:28]} Rxc5 {[%clk 00:09:03]} {[%emt
00:00:07]} 61. Rxc5 {[%clk 00:02:25]} {[%emt 00:00:16]} Kxc5 {[%clk 00:09:22]}
{[%emt 00:00:11]} 62. Rg5+ {[%clk 00:02:44]} {[%emt 00:00:11]} Kd6 {[%clk
00:09:31]} {[%emt 00:00:21]} 63. Re5 {[%clk 00:03:11]} {[%emt 00:00:03]} Ra2
{[%clk 00:09:51]} {[%emt 00:00:11]} 64. Kf1 {[%clk 00:03:31]} {[%emt 00:00:09]}
Rb2 {[%clk 00:09:41]} {[%emt 00:00:41]} 65. Re2 {[%clk 00:03:56]} {[%emt
00:00:04]} 1-0

[Event "Tournoi International du Pays de Charleroi 2018"]
[Site "Roux, Belgium"]
[Date "2018.08.02"]
[Round "7.12"]
[White "Goormachtigh, Johan"]
[Black "Le Quang, Kim"]
[Result "1/2-1/2"]
[BlackTitle "FM"]
[WhiteElo "2148"]
[BlackElo "2261"]

1. d4 {[%clk 01:30:58]} {[%emt 00:00:02]} d6 {[%clk 01:30:11]} {[%emt
00:00:49]} 2. Nf3 {[%clk 01:30:23]} {[%emt 00:01:05]} g6 {[%clk 01:30:08]}
{[%emt 00:00:33]} 3. c4 {[%clk 01:29:01]} {[%emt 00:01:53]} f5 {[%clk
01:26:30]} {[%emt 00:04:08]} 4. Nc3 {[%clk 01:28:52]} {[%emt 00:00:39]} Nf6
{[%clk 01:26:48]} {[%emt 00:00:12]} 5. g3 {[%clk 01:29:10]} {[%emt 00:00:12]}
Bg7 {[%clk 01:27:11]} {[%emt 00:00:07]} 6. Bg2 {[%clk 01:29:33]} {[%emt
00:00:07]} O-O {[%clk 01:27:34]} {[%emt 00:00:06]} 7. O-O {[%clk 01:29:57]}
{[%emt 00:00:06]} Qe8 {[%clk 01:26:35]} {[%emt 00:01:29]} 8. b3 {[%clk
01:26:15]} {[%emt 00:04:12]} e5 {[%clk 01:24:22]} {[%emt 00:02:43]} 9. dxe5
{[%clk 01:26:02]} {[%emt 00:00:44]} dxe5 {[%clk 01:24:48]} {[%emt 00:00:04]} 10.
e4 {[%clk 01:25:47]} {[%emt 00:00:45]} Nc6 {[%clk 01:24:37]} {[%emt 00:00:41]}
11. Nd5 {[%clk 01:12:31]} {[%emt 00:13:46]} Qd7 {[%clk 01:22:59]} {[%emt
00:02:07]} 12. exf5 {[%clk 00:39:33]} {[%emt 00:33:28]} e4 {[%clk 01:16:56]}
{[%emt 00:06:33]} 13. Ng5 {[%clk 00:38:27]} {[%emt 00:01:36]} Nxd5 {[%clk
00:51:44]} {[%emt 00:25:43]} 14. cxd5 {[%clk 00:38:41]} {[%emt 00:00:16]} Bxa1
{[%clk 00:38:34]} {[%emt 00:13:40]} 15. dxc6 {[%clk 00:35:28]} {[%emt
00:03:43]} Qxd1 {[%clk 00:36:53]} {[%emt 00:02:11]} 16. Rxd1 {[%clk 00:35:55]}
{[%emt 00:00:02]} gxf5 {[%clk 00:22:29]} {[%emt 00:14:55]} 17. Ba3 {[%clk
00:34:19]} {[%emt 00:02:06]} Bf6 {[%clk 00:22:46]} {[%emt 00:00:12]} 18. Bxf8
{[%clk 00:27:26]} {[%emt 00:07:23]} Bxg5 {[%clk 00:23:09]} {[%emt 00:00:07]} 19.
cxb7 {[%clk 00:27:29]} {[%emt 00:00:28]} Bxb7 {[%clk 00:23:34]} {[%emt
00:00:04]} 20. Bc5 {[%clk 00:27:54]} {[%emt 00:00:04]} a5 {[%clk 00:18:40]}
{[%emt 00:05:25]} 21. Bh3 {[%clk 00:24:42]} {[%emt 00:03:42]} Bc8 {[%clk
00:15:19]} {[%emt 00:03:52]} 22. Be3 {[%clk 00:22:34]} {[%emt 00:02:37]} f4
{[%clk 00:08:19]} {[%emt 00:07:31]} 23. Bxf4 {[%clk 00:06:40]} {[%emt
00:16:23]} Bxh3 {[%clk 00:08:29]} {[%emt 00:00:20]} 24. Bxg5 {[%clk 00:07:05]}
{[%emt 00:00:05]} a4 {[%clk 00:08:30]} {[%emt 00:00:29]} 25. Rd8+ {[%clk
00:06:38]} {[%emt 00:00:57]} 1/2-1/2

[Event "Tournoi International du Pays de Charleroi 2018"]
[Site "Roux, Belgium"]
[Date "2018.08.02"]
[Round "7.19"]
[White "Dauw, Sterre"]
[Black "Grodent, Gerald"]
[Result "1-0"]
[WhiteElo "2192"]
[BlackElo "2017"]

1. e4 {[%clk 01:30:57]} {[%emt 00:00:02]} e6 {[%clk 01:30:40]} {[%emt
00:00:20]} 2. d4 {[%clk 01:31:22]} {[%emt 00:00:04]} d5 {[%clk 01:31:06]}
{[%emt 00:00:05]} 3. Nd2 {[%clk 01:31:49]} {[%emt 00:00:03]} Nc6 {[%clk
01:30:15]} {[%emt 00:01:22]} 4. Ngf3 {[%clk 01:32:06]} {[%emt 00:00:12]} Nf6
{[%clk 01:30:39]} {[%emt 00:00:06]} 5. e5 {[%clk 01:32:33]} {[%emt 00:00:04]}
Nd7 {[%clk 01:31:05]} {[%emt 00:00:04]} 6. Nb3 {[%clk 01:33:00]} {[%emt
00:00:03]} a5 {[%clk 01:29:34]} {[%emt 00:02:00]} 7. a4 {[%clk 01:33:23]}
{[%emt 00:00:08]} Be7 {[%clk 01:26:58]} {[%emt 00:03:06]} 8. c3 {[%clk
01:31:26]} {[%emt 00:02:27]} b6 {[%clk 01:26:44]} {[%emt 00:00:44]} 9. Bb5
{[%clk 01:31:49]} {[%emt 00:00:06]} Na7 {[%clk 01:25:03]} {[%emt 00:02:12]} 10.
Be2 {[%clk 01:25:42]} {[%emt 00:06:36]} c5 {[%clk 01:22:48]} {[%emt 00:02:46]}
11. O-O {[%clk 01:25:55]} {[%emt 00:00:16]} Nc6 {[%clk 01:22:16]} {[%emt
00:01:02]} 12. Ne1 {[%clk 01:24:10]} {[%emt 00:02:14]} Ba6 {[%clk 01:19:29]}
{[%emt 00:03:18]} 13. f4 {[%clk 01:23:54]} {[%emt 00:00:46]} Bxe2 {[%clk
01:15:59]} {[%emt 00:04:00]} 14. Qxe2 {[%clk 01:23:32]} {[%emt 00:00:51]} g6
{[%clk 01:15:41]} {[%emt 00:00:48]} 15. Nc2 {[%clk 01:23:22]} {[%emt 00:00:40]}
Qc8 {[%clk 01:10:45]} {[%emt 00:05:26]} 16. Na3 {[%clk 01:21:43]} {[%emt
00:02:10]} Qb7 {[%clk 00:56:37]} {[%emt 00:14:38]} 17. Be3 {[%clk 01:18:26]}
{[%emt 00:03:48]} Rc8 {[%clk 00:53:59]} {[%emt 00:03:08]} 18. Nb5 {[%clk
01:16:01]} {[%emt 00:02:54]} Qb8 {[%clk 00:47:28]} {[%emt 00:07:01]} 19. Kh1
{[%clk 01:06:21]} {[%emt 00:10:09]} cxd4 {[%clk 00:43:50]} {[%emt 00:04:09]} 20.
N3xd4 {[%clk 01:05:59]} {[%emt 00:00:52]} Nc5 {[%clk 00:41:24]} {[%emt
00:02:56]} 21. Nxc6 {[%clk 01:05:40]} {[%emt 00:00:49]} Rxc6 {[%clk 00:41:51]}
{[%emt 00:00:02]} 22. Bxc5 {[%clk 01:05:55]} {[%emt 00:00:16]} Rxc5 {[%clk
00:40:41]} {[%emt 00:01:39]} 23. b3 {[%clk 00:54:28]} {[%emt 00:11:57]} h5
{[%clk 00:32:40]} {[%emt 00:08:31]} 24. Rac1 {[%clk 00:52:24]} {[%emt
00:02:35]} Qc8 {[%clk 00:28:07]} {[%emt 00:05:03]} 25. Qe3 {[%clk 00:47:32]}
{[%emt 00:05:21]} O-O {[%clk 00:23:12]} {[%emt 00:05:25]} 26. h3 {[%clk
00:46:00]} {[%emt 00:02:03]} Qd7 {[%clk 00:20:50]} {[%emt 00:02:52]} 27. Rce1
{[%clk 00:39:40]} {[%emt 00:06:49]} Rfc8 {[%clk 00:17:50]} {[%emt 00:03:32]} 28.
Re2 {[%clk 00:38:12]} {[%emt 00:01:57]} R5c6 {[%clk 00:12:19]} {[%emt
00:06:00]} 29. g4 {[%clk 00:35:46]} {[%emt 00:02:57]} hxg4 {[%clk 00:07:16]}
{[%emt 00:05:33]} 30. hxg4 {[%clk 00:35:56]} {[%emt 00:00:19]} Kg7 {[%clk
00:07:18]} {[%emt 00:00:29]} 31. Rh2 {[%clk 00:35:23]} {[%emt 00:01:03]} Rh8
{[%clk 00:06:06]} {[%emt 00:01:42]} 32. Rxh8 {[%clk 00:35:27]} {[%emt
00:00:26]} Kxh8 {[%clk 00:06:34]} {[%emt 00:00:01]} 33. Kg2 {[%clk 00:35:30]}
{[%emt 00:00:28]} Bf8 {[%clk 00:06:01]} {[%emt 00:01:03]} 34. Qd3 {[%clk
00:25:55]} {[%emt 00:10:04]} Bg7 {[%clk 00:04:58]} {[%emt 00:01:34]} 35. Nd6
{[%clk 00:23:58]} {[%emt 00:02:27]} Kg8 {[%clk 00:04:42]} {[%emt 00:00:46]} 36.
Rf3 {[%clk 00:22:42]} {[%emt 00:01:45]} Qe7 {[%clk 00:03:42]} {[%emt 00:01:31]}
37. Qb5 {[%clk 00:22:41]} {[%emt 00:00:31]} Qc7 {[%clk 00:03:34]} {[%emt
00:00:38]} 38. Rh3 {[%clk 00:21:38]} {[%emt 00:01:33]} Bf8 {[%clk 00:02:18]}
{[%emt 00:01:45]} 39. Ne8 {[%clk 00:21:47]} {[%emt 00:00:23]} 1-0

[Event "Tournoi International du Pays de Charleroi 2018"]
[Site "Roux, Belgium"]
[Date "2018.08.02"]
[Round "7.29"]
[White "Geuquet, Michael"]
[Black "Philippe, Denis-Emmanuel"]
[Result "1/2-1/2"]
[WhiteElo "1912"]
[BlackElo "2047"]

1. e4 {[%clk 01:30:57]} {[%emt 00:00:03]} c6 {[%clk 01:30:57]} {[%emt
00:00:04]} 2. d4 {[%clk 01:31:19]} {[%emt 00:00:08]} d5 {[%clk 01:31:22]}
{[%emt 00:00:04]} 3. Nc3 {[%clk 01:31:37]} {[%emt 00:00:12]} dxe4 {[%clk
01:31:47]} {[%emt 00:00:06]} 4. Nxe4 {[%clk 01:32:02]} {[%emt 00:00:05]} Nd7
{[%clk 01:32:13]} {[%emt 00:00:04]} 5. Nf3 {[%clk 01:32:19]} {[%emt 00:00:13]}
Ngf6 {[%clk 01:32:24]} {[%emt 00:00:20]} 6. Nxf6+ {[%clk 01:32:36]} {[%emt
00:00:13]} Nxf6 {[%clk 01:32:22]} {[%emt 00:00:31]} 7. Bc4 {[%clk 01:32:55]}
{[%emt 00:00:10]} Bf5 {[%clk 01:31:08]} {[%emt 00:01:45]} 8. Ne5 {[%clk
01:32:54]} {[%emt 00:00:32]} e6 {[%clk 01:30:30]} {[%emt 00:01:07]} 9. g4
{[%clk 01:32:43]} {[%emt 00:00:41]} Bg6 {[%clk 01:21:04]} {[%emt 00:09:56]} 10.
h4 {[%clk 01:32:08]} {[%emt 00:01:05]} Nd7 {[%clk 01:14:11]} {[%emt 00:07:22]}
11. Nxd7 {[%clk 01:17:55]} {[%emt 00:14:43]} Qxd7 {[%clk 01:13:26]} {[%emt
00:01:15]} 12. h5 {[%clk 01:18:20]} {[%emt 00:00:05]} Be4 {[%clk 01:13:31]}
{[%emt 00:00:26]} 13. f3 {[%clk 01:18:45]} {[%emt 00:00:05]} Bd5 {[%clk
01:13:27]} {[%emt 00:00:33]} 14. Bd3 {[%clk 01:19:10]} {[%emt 00:00:06]} Qc7
{[%clk 01:04:59]} {[%emt 00:08:58]} 15. Kf2 {[%clk 01:13:03]} {[%emt 00:06:37]}
c5 {[%clk 00:55:58]} {[%emt 00:09:31]} 16. c4 {[%clk 01:11:01]} {[%emt
00:02:31]} Bc6 {[%clk 00:55:31]} {[%emt 00:00:58]} 17. d5 {[%clk 01:10:59]}
{[%emt 00:00:32]} Bd7 {[%clk 00:52:46]} {[%emt 00:03:14]} 18. Bg5 {[%clk
01:04:39]} {[%emt 00:06:50]} Bd6 {[%clk 00:34:12]} {[%emt 00:19:05]} 19. h6
{[%clk 00:54:33]} {[%emt 00:10:36]} g6 {[%clk 00:32:39]} {[%emt 00:02:02]} 20.
Qd2 {[%clk 00:53:59]} {[%emt 00:01:04]} Be5 {[%clk 00:31:23]} {[%emt 00:01:45]}
21. Rae1 {[%clk 00:42:42]} {[%emt 00:11:48]} O-O {[%clk 00:28:19]} {[%emt
00:03:34]} 22. Kg2 {[%clk 00:26:46]} {[%emt 00:16:26]} Bd4 {[%clk 00:21:21]}
{[%emt 00:07:28]} 23. Bf4 {[%clk 00:21:23]} {[%emt 00:05:53]} e5 {[%clk
00:19:07]} {[%emt 00:02:45]} 24. Bg3 {[%clk 00:20:24]} {[%emt 00:01:29]} f5
{[%clk 00:18:16]} {[%emt 00:01:21]} 25. gxf5 {[%clk 00:16:09]} {[%emt
00:04:45]} Bxf5 {[%clk 00:18:16]} {[%emt 00:00:30]} 26. Rh4 {[%clk 00:14:43]}
{[%emt 00:01:55]} Rae8 {[%clk 00:15:26]} {[%emt 00:03:20]} 27. Bxf5 {[%clk
00:13:53]} {[%emt 00:01:20]} Rxf5 {[%clk 00:15:28]} {[%emt 00:00:28]} 28. Rhe4
{[%clk 00:12:50]} {[%emt 00:01:34]} Ref8 {[%clk 00:12:13]} {[%emt 00:03:44]} 29.
Rf1 {[%clk 00:10:08]} {[%emt 00:03:13]} Qf7 {[%clk 00:12:17]} {[%emt 00:00:26]}
30. Qe2 {[%clk 00:10:22]} {[%emt 00:00:15]} Qf6 {[%clk 00:10:40]} {[%emt
00:02:06]} 31. Rg4 {[%clk 00:09:59]} {[%emt 00:00:55]} Kh8 {[%clk 00:05:59]}
{[%emt 00:05:11]} 32. b3 {[%clk 00:10:23]} {[%emt 00:00:06]} Qd8 {[%emt
00:01:44]} 1/2-1/2

[Event "Tournoi International du Pays de Charleroi 2018"]
[Site "Roux, Belgium"]
[Date "2018.08.02"]
[Round "7.25"]
[White "De Herdt, Yasseen"]
[Black "Vanden Bussche, Steven"]
[Result "1/2-1/2"]
[WhiteElo "2146"]
[BlackElo "2001"]

1. Nf3 {[%clk 01:30:55]} {[%emt 00:00:04]} d5 {[%clk 01:30:44]} {[%emt
00:00:16]} 2. c4 {[%clk 01:31:19]} {[%emt 00:00:06]} c6 {[%clk 01:31:05]}
{[%emt 00:00:09]} 3. e3 {[%clk 01:30:46]} {[%emt 00:01:03]} Nf6 {[%clk
01:31:24]} {[%emt 00:00:11]} 4. Nc3 {[%clk 01:31:09]} {[%emt 00:00:07]} e6
{[%clk 01:31:07]} {[%emt 00:00:50]} 5. d4 {[%clk 01:30:11]} {[%emt 00:01:26]}
Nbd7 {[%clk 01:31:15]} {[%emt 00:00:23]} 6. a3 {[%clk 01:26:08]} {[%emt
00:04:33]} Be7 {[%clk 01:30:45]} {[%emt 00:00:59]} 7. Bd3 {[%clk 01:14:49]}
{[%emt 00:11:49]} O-O {[%clk 01:29:29]} {[%emt 00:01:47]} 8. O-O {[%clk
01:15:14]} {[%emt 00:00:04]} b6 {[%clk 01:27:09]} {[%emt 00:02:51]} 9. Re1
{[%clk 01:14:50]} {[%emt 00:00:53]} Bb7 {[%clk 01:25:28]} {[%emt 00:02:11]} 10.
cxd5 {[%clk 00:57:45]} {[%emt 00:17:35]} cxd5 {[%clk 01:24:36]} {[%emt
00:01:23]} 11. b4 {[%clk 00:51:08]} {[%emt 00:07:07]} a6 {[%clk 01:16:41]}
{[%emt 00:08:25]} 12. b5 {[%clk 00:48:32]} {[%emt 00:03:05]} Ne4 {[%clk
01:11:25]} {[%emt 00:05:46]} 13. Bb2 {[%clk 00:32:37]} {[%emt 00:16:25]} Nxc3
{[%clk 01:04:19]} {[%emt 00:07:37]} 14. Bxc3 {[%clk 00:33:03]} {[%emt
00:00:03]} a5 {[%clk 01:01:26]} {[%emt 00:03:23]} 15. Qa4 {[%emt 00:09:52]} Bd6
{[%clk 00:59:02]} {[%emt 00:02:48]} 16. Bb2 {[%clk 00:17:08]} {[%emt 00:07:09]}
Qe7 {[%clk 00:55:02]} {[%emt 00:04:30]} 17. Rad1 {[%clk 00:12:21]} {[%emt
00:05:17]} f5 {[%clk 00:53:14]} {[%emt 00:02:17]} 18. Ne5 {[%clk 00:10:01]}
{[%emt 00:02:51]} Rac8 {[%clk 00:47:28]} {[%emt 00:06:15]} 19. Nc6 {[%clk
00:08:45]} {[%emt 00:01:47]} Qh4 {[%clk 00:45:24]} {[%emt 00:02:34]} 20. g3
{[%clk 00:09:08]} {[%emt 00:00:07]} Qh5 {[%clk 00:40:15]} {[%emt 00:05:39]} 21.
Be2 {[%clk 00:08:55]} {[%emt 00:00:42]} Qg6 {[%clk 00:36:56]} {[%emt 00:03:48]}
22. Ne5 {[%clk 00:06:09]} {[%emt 00:03:17]} Bxe5 {[%clk 00:33:07]} {[%emt
00:04:19]} 23. dxe5 {[%clk 00:06:37]} {[%emt 00:00:03]} Rc7 {[%clk 00:25:37]}
{[%emt 00:08:00]} 24. Rc1 {[%clk 00:06:27]} {[%emt 00:00:39]} Nc5 {[%clk
00:24:16]} {[%emt 00:01:52]} 25. Qh4 {[%clk 00:06:35]} {[%emt 00:00:21]} Rfc8
{[%clk 00:19:59]} {[%emt 00:04:48]} 26. Rc3 {[%clk 00:03:05]} {[%emt 00:03:59]}
Qe8 {[%clk 00:18:57]} {[%emt 00:01:32]} 27. Rec1 {[%clk 00:02:44]} {[%emt
00:00:51]} Qe7 {[%clk 00:16:19]} {[%emt 00:03:08]} 28. Qd4 {[%clk 00:01:02]}
{[%emt 00:02:13]} Ba8 {[%clk 00:09:20]} {[%emt 00:07:29]} 29. Qd1 {[%clk
00:01:03]} {[%emt 00:00:29]} g5 {[%clk 00:08:13]} {[%emt 00:01:36]} 30. R3c2
{[%clk 00:01:26]} {[%emt 00:00:08]} g4 {[%clk 00:06:22]} {[%emt 00:02:21]} 31.
Bd4 {[%clk 00:01:54]} {[%emt 00:00:02]} Bb7 {[%clk 00:06:34]} {[%emt 00:00:18]}
32. Bf1 {[%clk 00:01:39]} {[%emt 00:00:45]} h5 {[%clk 00:06:26]} {[%emt
00:00:38]} 33. Rc3 {[%clk 00:01:50]} {[%emt 00:00:19]} Kf7 {[%clk 00:03:52]}
{[%emt 00:03:04]} 34. R1c2 {[%clk 00:02:16]} {[%emt 00:00:04]} Ke8 {[%clk
00:03:52]} {[%emt 00:00:30]} 35. Qc1 {[%clk 00:02:21]} {[%emt 00:00:25]} Kd8
{[%clk 00:03:47]} {[%emt 00:00:35]} 36. Be2 {[%clk 00:02:06]} {[%emt 00:00:45]}
Kd7 {[%clk 00:01:26]} {[%emt 00:02:50]} 1/2-1/2